Mon amie la rose - Françoise Hardy - Statistiques

Statistiques générales
  • Ce quiz a été pris 60 fois
  • Le résultat moyen est 165 sur 210
Statistiques - réponses
Réponse % Correct
a
100%
à
100%
c'
100%
ce
100%
d'
100%
de
100%
dit
100%
est
100%
et
100%
j'
100%
l'
100%
la
100%
m'
100%
mon
100%
ne
100%
rose
100%
amie
98%
au
98%
me
98%
On
98%
on
98%
peu
98%
chose
95%
je
95%
matin
95%
bien
93%
suis
93%
rosée
86%
aurore
84%
plus
84%
le
81%
née
81%
qui
79%
belle
77%
des
77%
pour
77%
ai
74%
ou
74%
jardin
72%
fleurs
70%
nu
70%
que
70%
ton
70%
étais
65%
rêve
65%
dans
63%
du
63%
morte
63%
réveillée
63%
si
63%
baptisée
60%
heureuse
60%
oui
60%
pourtant
60%
amoureuse
58%
fait
58%
très
58%
épanouie
56%
en
53%
nuit
53%
tête
53%
vieille
53%
aux
51%
hier
51%
soleil
51%
son
51%
moi
49%
tu
49%
coeur
47%
dieu
47%
pied
47%
rayons
47%
tombe
47%
vois
47%
déjà
44%
faite
44%
sens
44%
courber
42%
nue
42%
presque
42%
celui
40%
cette
40%
rien
40%
serai
40%
fermée
37%
delà
35%
demain
35%
peut
35%
toujours
35%
croire
33%
lune
33%
poussière
33%
vu
33%
âme
30%
besoin
30%
éblouissante
30%
espoir
30%
sinon
30%
admirais
28%
dansait
28%
nues
28%
souriait
28%
veillé
28%
croit
23%
Aucun quiz correspondant
Distribution des résultats
% des personnes avec chaque résultat
Percentile par nombre de réponses
Votre historique - résultats
Vous n’avez pas pris ce quiz